| 000 | 004300000a22001570004500 | ||
|---|---|---|---|
| 020 | _a84-7530-412-5 | ||
| 041 | 0 | _aSPA | |
| 082 | 0 | 4 | _aG 853.8 P667d |
| 100 | 1 | _aPirandello, Luigi | |
| 245 | 1 | 0 | _aEl difunto Matías Pascal / Luigi Pirandello ; Ildefonso Grande, Mario Grande Ramos, Traductores |
| 260 | _aMadrid : Orbis | ||
| 300 | _a240 Pag | ||
| 500 | _aTítulo original : Il fu Mattia Pascal | ||
| 001 | 13343 | ||
| 942 | _cBK | ||
| 999 |
_c42323 _d42323 |
||